Plant resources of South-East Asia. (Record no. 18745)

000 -LEADER
fixed length control field 00812cam a2200181 a 4500
020 ## - INTERNATIONAL STANDARD BOOK NUMBER
ISBN 9798316002 (set)
040 ## - CATALOGING SOURCE
Transcribing agency DLC
082 00 - DEWEY DECIMAL CLASSIFICATION NUMBER
Classification number 581​​​ ESC 2003 C152 Co.
245 00 - TITLE STATEMENT
Title Plant resources of South-East Asia.
260 ## - PUBLICATION, DISTRIBUTION, ETC. (IMPRINT)
Place of publication Bogor :
Name of publisher ESCAP CGPRT Centre,
Year of publication 1990-<2003>
300 ## - PHYSICAL DESCRIPTION
Number of Pages v. <1-19; in 32> :
Other physical details ill, maps ;
Dimensions 26 cm.
500 ## - GENERAL NOTE
General note Vols. 2-<12,16, 18-19> has imprint: Bogor, Indonesia : Prosea; for countries other than South-East Asia distributed by Backhuys Publishers, Leiden, the Netherlands.
650 #0 - SUBJECT ADDED ENTRY--TOPICAL TERM
Topical Term Botany, Economic
700 1# - ADDED ENTRY--PERSONAL NAME
Personal name Maesen, L. J. G. van der.
700 1# - ADDED ENTRY--PERSONAL NAME
Personal name Somaatmadja, Sadikin.
710 2# - ADDED ENTRY--CORPORATE NAME
Corporate name or jurisdiction name as entry element ESCAP Regional Co-ordination Centre for Research and Development of Coarse Grains, Pulses, Roots and Tuber Crops in the Humid Tropics of Asia and the Pacific.
942 ## - ADDED ENTRY ELEMENTS (KOHA)
Koha item type ADB
952 ## - LOCATION AND ITEM INFORMATION (KOHA)
Withdrawn status [LOCAL, KOHA] 0
Holdings
Koha item type Source of acquisition Lost status Permanent Location Current Location Date acquired Full call number
សៀវភៅភាសាអង់គ្លេសA33589 Library Block CLibrary Block C2020-01-20581​​​ ESC 2003 C152 Co.
មជ្ឈមណ្ឌលឯការនៃសាកលវិទ្យាល័យភូមិន្ទកសិកម្មចំការដូង

Powered by Koha